A-Z MCU Characters 2 - Statistics

General Stats
  • This quiz has been taken 45 times
  • The average score is 14 of 26
Answer Stats
# Hint Answer % Correct
B The ex-Russian-spy who became a founding Avenger Black Widow
91%
H A brilliant scientist who becomes a giant green rage monster when angry Hulk
86%
G The most dangerous woman in the universe and the daughter of Thanos Gamora
83%
D A cancer patient who fights crime as the Merc with a Mouth Deadpool
80%
Q The mother of Star-Lord Meredith {Quill}
80%
S An attorney who unintentionally became a female hulk She-Hulk
80%
O Wakandan warrior and the former general of the Dora Milaje Okoye
77%
W The new Sorcerer Supreme who is Asian Wong
77%
K A rock monster who used to reside on Sakaar with his friend, Miek Korg
74%
C A Russian mutant who can turn his body into steel Colossus
71%
Y The adoptive father of Star-Lord {Yondu} Udonta
71%
E A deaf woman who is a great fighter and a street-level hero Echo
63%
M Member of the Illuminati who can stretch his body like elastic Mister Fantastic
60%
Z Heads the Council of Godheads in Omnipotence City Zeus
54%
I The ex-CCO of Stark Industries who went crazy Iron Monger
51%
L The daughter of Adrian Toomes and initial love interest of Peter Parker {Liz} Allan
49%
A The gold-skinned queen of the Sovereigns Ayesha
46%
N A young, moody mutant who can create explosions Negasonic Teenage Warhead
46%
U The name of the all-seeing Watcher Uatu
46%
T A fierce warrior Eternal who can form any weapon out of cosmic energy Thena
40%
P A Star Child who is part of the new Guardians of the Galaxy Phyla
31%
F A giant purple-skinned hulk-like creature; real name Happy Hogan Freak
26%
X Assumes an identity on the sacred timeline as famous actor Brad Wolfe Hunter {X-5}
20%
J The leader of the Freedom Fighters in the Quantum Realm Jentorra
14%
V A Skrull refugee who met and fell in love with Nick Fury, marrying him Varra
9%
R A medieval Captain America otherwise known as the forerunner Rogers Hood
6%
No matching quizzes found
Score Distribution
Percent of People with Each Score
Percentile by Number Answered
Your Score History
You have not taken this quiz